|
|
|
|
| LEADER |
00000cam a22000004a 4500 |
| 001 |
musev2_12932 |
| 003 |
MdBmJHUP |
| 005 |
20230905041431.0 |
| 006 |
m o d |
| 007 |
cr||||||||nn|n |
| 008 |
070827s2008 inu o 00 0 eng d |
| 010 |
|
|
|z 2007035573
|
| 020 |
|
|
|a 9780253000217
|
| 020 |
|
|
|z 9780253351043
|
| 020 |
|
|
|z 0253000211
|
| 035 |
|
|
|a (OCoLC)248541602
|
| 040 |
|
|
|a MdBmJHUP
|c MdBmJHUP
|
| 050 |
0 |
4 |
|a BJ1401
|b .M27 2008
|
| 082 |
0 |
|
|a 170
|2 22
|
| 100 |
1 |
|
|a Matuštík, Martin Joseph,
|d 1957-
|
| 245 |
1 |
0 |
|a Radical Evil and the Scarcity of Hope :
|b Postsecular Meditations /
|c Martin Beck Matuštík.
|
| 264 |
|
1 |
|a Bloomington :
|b Indiana University Press,
|c 2008.
|
| 264 |
|
3 |
|a Baltimore, Md. :
|b Project MUSE,
|c 2012
|
| 264 |
|
4 |
|c ©2008.
|
| 300 |
|
|
|a 1 online resource (312 pages).
|
| 336 |
|
|
|a text
|b txt
|2 rdacontent
|
| 337 |
|
|
|a computer
|b c
|2 rdamedia
|
| 338 |
|
|
|a online resource
|b cr
|2 rdacarrier
|
| 504 |
|
|
|a Includes bibliographical references (p. [273]-282) and index.
|
| 505 |
0 |
|
|a Impossible hope -- Job at Auschwitz -- Redemptive critical theory -- Between hope and terror -- The negatively saturated phenomenon -- Job questions Kant -- Redemption in an antiredemptory age -- Radical evil as a saturated phenomenon -- The uncanny -- The unforgivable -- Tragic beauty -- The unspeakable -- Without a why -- Epilogue : Job questions the Grand Inquisitor.
|
| 588 |
|
|
|a Description based on print version record.
|
| 650 |
|
0 |
|a Hope
|x Religious aspects.
|
| 650 |
|
0 |
|a Good and evil
|x Religious aspects.
|
| 650 |
|
0 |
|a Hope.
|
| 650 |
|
0 |
|a Good and evil.
|
| 655 |
|
7 |
|a Electronic books.
|2 local
|
| 710 |
2 |
|
|a Project Muse.
|e distributor
|
| 830 |
|
0 |
|a Book collections on Project MUSE.
|
| 856 |
4 |
0 |
|z Texto completo
|u https://projectmuse.uam.elogim.com/book/12932/
|
| 945 |
|
|
|a Project MUSE - Custom Collection
|
| 945 |
|
|
|a Project MUSE - Archive Complete Foundation
|
| 945 |
|
|
|a Project MUSE - Archive Philosophy and Religion Foundation
|